Statistics for Random Country Shape Quiz #2

Click here to take the quiz!

General Stats

  • This quiz has been taken 44 times
  • The average score is 14 of 16

Answer Stats

Answer% Correct
Canada
100%
Greece
100%
Spain
100%
Indonesia
97%
Philippines
97%
DR Congo
94%
Thailand
94%
Ukraine
94%
Algeria
91%
Pakistan
91%
Peru
91%
Iran
85%
Saudi Arabia
82%
Nigeria
76%
Colombia
74%
Poland
71%

Score Distribution

Percentile by Number Answered

Percent of People with Each Score

Your Score History

You have not taken this quiz